000 01416nam a2200205Ia 4500
003 Ost
005 20260507075058.0
008 260507s9999||||xx |||||||||||||| ||und||
040 _cfsecg
041 _aara
082 _a330.121
100 _aالكفراوي، عوف محمود
_eمؤلف
245 0 _aأصول الاقتصاد الإسلامي /
_c عوف محمود الكفراوي
260 _aالاسكندرية:
_bمطبعة الانتصار لطباعة الأوفست,
_c2003
300 _a153 صفحة؛
_c24 سم
504 _aببليوغرافيا ص.153
520 _aالاقتصاد الاسلامي ماهيته وأصوله ونظرته للمشكلة الاقتصادية،الاقتصاد الاسلامي ماهيته وأصوله،المذهب الاقتصادي في الإسلام بين المذاهب الاقتصادية،المرتكزات الأساسية للإقتصاد الإسلامي،المبادئ العامة الواجب توافرها في المجتمع،القواعد والأسس-عوامل الانتاج في الإقتصاد الاسلامي دراسة مقارنة،العنصر المادي(المال)،العنصر البشري(العمل)
653 _aالاقتصاد الاسلامي
942 _cكتاب
999 _c42756
_d42756